| 000 | 00513nam a2200205Ia 4500 | ||
|---|---|---|---|
| 003 | OSt | ||
| 005 | 20140311163113.0 | ||
| 008 | 140130s9999 xx 000 0 und d | ||
| 020 | _a0590457810 | ||
| 050 |
_aPZ 8.1 _b.M3554Th 1992 |
||
| 100 |
_aMarshall, James _931278 |
||
| 245 |
_aThree Little Pigs / _cJames Marshall. |
||
| 260 |
_bScholastic, _aNew York : _c1992. |
||
| 300 |
_a20 p. : _bcol. ill. ; _c26 cm. |
||
| 440 |
_v1 _931174 |
||
| 521 | _aG3 | ||
| 526 | _c560 | ||
| 942 |
_cBK _2lcc |
||
| 999 |
_c40662 _d40662 |
||